ANCIENT BAHAWALPUR (Record no. 574789)

000 -LEADER
fixed length control field 00245nam a22001097a 4500
082 ## - DEWEY DECIMAL CLASSIFICATION NUMBER
Classification number 954.914 AUJ'A
100 ## - MAIN ENTRY--PERSONAL NAME
Personal name AUJ, NURUL ZAMAN AHMED
9 (RLIN) 66929
245 ## - TITLE STATEMENT
Title ANCIENT BAHAWALPUR
260 ## - PUBLICATION, DISTRIBUTION, ETC.
Place of publication, distribution, etc. MULTAN
Name of publisher, distributor, etc. CARAVAN
Date of publication, distribution, etc. 1987
300 ## - PHYSICAL DESCRIPTION
Extent 96P
942 ## - ADDED ENTRY ELEMENTS (KOHA)
Koha item type Book
Holdings
Withdrawn status Lost status Damaged status Not for loan Permanent Location Current Location Shelving location Date acquired Total Checkouts Full call number Barcode Date last seen Price effective from Koha item type
        College of Electrical & Mechanical Engineering (CEME) College of Electrical & Mechanical Engineering (CEME) General Stacks 07/31/2017   954.914 AUJ'A CEME-27504 06/28/2021 06/28/2021 Book
© 2023 Central Library, National University of Sciences and Technology. All Rights Reserved.